| 000 | 00763cam a2200253 a 4500 | ||
|---|---|---|---|
| 001 | 12747741 | ||
| 005 | 20180206065519.0 | ||
| 008 | 020419s2002 mnu b 001 0 eng | ||
| 010 | _a 2002281432 | ||
| 020 | _a0314262547 (v. 1) | ||
| 020 | _a0314262555 (v. 2) | ||
| 040 |
_aDLC _cDLC _dDLC |
||
| 041 | _aeng | ||
| 043 | _an-us--- | ||
| 080 | _a343.73087 FOL | ||
| 082 | 0 | 0 |
_a343.73087 FOL _221 |
| 100 | 1 | _a14 | |
| 101 | _aJUR | ||
| 245 | 1 | 0 |
_aInternational business transactions / _cby Ralph H. Folsom. |
| 504 | _aIncludes bibliographical references and index. | ||
| 906 |
_a7 _bcbc _corigcop _d2 _encip _f20 _gy-gencatlg |
||
| 942 |
_2ddc _cBK |
||
| 999 |
_c41919 _d41919 |
||